LIBRARY ONLINE CATALOGUE

Enterprise information systems : (Record no. 8553)

MARC details
000 -LEADER
fixed length control field 00755nam a22002292 4500
001 - CONTROL NUMBER
control field 0000018400
005 - DATE AND TIME OF LATEST TRANSACTION
control field 20151217152127.0
008 - FIXED-LENGTH DATA ELEMENTS--GENERAL INFORMATION
fixed length control field 091026s xx 000 0 eng d
020 ## - INTERNATIONAL STANDARD BOOK NUMBER
International Standard Book Number 0072404296 :
040 ## - CATALOGING SOURCE
Original cataloging agency KABU
Transcribing agency KABU
100 1# - MAIN ENTRY--PERSONAL NAME
Personal name Dunn, Cheryl L.
-- 0000177630
245 10 - TITLE STATEMENT
Title Enterprise information systems :
Remainder of title a patten-based approach /
Statement of responsibility, etc. Cheryl L. Dunn, J. Owen Cherrington, Anita S. Hollander.
250 ## - EDITION STATEMENT
Edition statement 3rd ed.
260 ## - PUBLICATION, DISTRIBUTION, ETC. (IMPRINT)
Place of publication, distribution, etc. Boston :
Name of publisher, distributor, etc. McGraw-Hill,
Date of publication, distribution, etc. 2005.
300 ## - PHYSICAL DESCRIPTION
Extent xxi, 522 p.
650 #0 - SUBJECT ADDED ENTRY--TOPICAL TERM
Topical term or geographic name as entry element Managerial accounting.
-- 0000151472
700 1# - ADDED ENTRY--PERSONAL NAME
Personal name Cherrington, J. Owen.
-- 0000177631
700 1# - ADDED ENTRY--PERSONAL NAME
Personal name Hollander, Anita S.
-- 0000177632
852 1# - LOCATION
-- p4995 KES
908 ## - PUT COMMAND PARAMETER (RLIN)
Put command parameter 091026
950 ## - LOCAL HOLDINGS (RLIN)
-- 1
Holdings
Withdrawn status Lost status Source of classification or shelving scheme Not for loan Home library Current library Date acquired Total Checkouts Full call number Barcode Date last seen Price effective from Koha item type
    Library of Congress Classification   Kabarak, Main Campus Kabarak, Main Campus 17/12/2015   HF5657.4 .D86 2005 c. 1 18217 17/12/2015 17/12/2015 General Collection